Every Governor of Tennessee - Statistics

General Stats
  • This quiz has been taken 31 times
  • The average score is 15 of 57
Answer Stats
Picture Hint Answer % Correct
R(2019-) Bill Lee
90%
U(1862-1865) Andrew Johnson
70%
D(1853-1857) Andrew Johnson
70%
D(2003-2011) Phil Bredesen
70%
D(1839-1841) James K. Polk
60%
R(1979-1987) Lamar Alexander
60%
R(2011-2019) Bill Haslam
50%
W(1841-1845) James C. Jones
40%
D(1963-1967) Frank G. Clement
30%
D(1953-1959) Frank G. Clement
30%
DR(1803-1809) John Sevier
30%
DR(1796-1801) John Sevier
30%
D(1845-1847) Aaron V. Brown
20%
D(1919-1921) Albert H. Roberts
20%
D(1879-1881) Albert S. Marks
20%
R(1921-1923) Alfred A. Taylor
20%
R(1881-1883) Alvin Hawkins
20%
DR(1801-1803) Archibald Roane
20%
D(1923-1927) Austin Peay
20%
D(1899-1903) Benton McMillin
20%
R(1911-1915) Ben W. Hooper
20%
D(1967-1971) Buford Ellington
20%
D(1959-1963) Buford Ellington
20%
R(1869-1871) Dewitt Clinton Senter
20%
R(1995-2003) Don Sundquist
20%
D(1949-1953) Gordon Browning
20%
D(1937-1939) Gordon Browning
20%
D(1927-1933) Henry Hollis Horton
20%
D(1933-1937) Hill McAlister
20%
D(1857-1862) Isham G. Harris
20%
D(1903-1905) James B. Frazier
20%
D(1875-1879) James D. Porter
20%
D(1945-1949) Jim Nance McCord
20%
D(1871-1875) John C. Brown
20%
D(1905-1907) John I. Cox
20%
D(1891-1893) John P. Buchanan
20%
DR(1815-1821) Joseph McMinn
20%
D(1907-1911) Malcolm R. Patterson
20%
D(1987-1995) Ned McWherter
20%
W(1847-1849) Neill S. Brown
20%
W(1835-1839) Newton Cannon
20%
D(1893-1897) Peter Turney
20%
D(1939-1945) Prentice Cooper
20%
D(1975-1979) Ray Blanton
20%
D(1897-1899) Robert Love Taylor
20%
D(1887-1891) Robert Love Taylor
20%
DR(1827-1829) Sam Houston
20%
D(1915-1919) Thomas C. Rye
20%
D(1883-1887) William B. Bate
20%
W(1851-1853) William B. Campbell
20%
D(1829-1835) William Carroll
20%
DR(1821-1827) William Carroll
20%
R(1865-1869) William G. Brownlow
20%
D(1829-1829) William Hall
20%
D(1849-1851) William Trousdale
20%
DR(1809-1815) Willie Blount
20%
R(1971-1975) Winfield Dunn
20%
No matching quizzes found
Score Distribution
Percent of People with Each Score
Percentile by Number Answered
Your Score History
You have not taken this quiz